[Event "SB-2013-0-00303"]
[Site "LSS email"]
[Date "2013.04.27"]
[Round "?"]
[White "O'Toole, Roger"]
[Black "Foote, Ian"]
[Result "1-0"]
[WhiteElo "2135"]
[BlackElo "1898"]
[PlyCount "93"]
[EventDate "2013.04.03"]
[EventType "tourn (corr)"]
[EventRounds "6"]
[EventCountry "GER"]
[SourceTitle "Telechess CBM 167"]
[Source "ChessBase"]
[SourceDate "2015.07.13"]
[SourceVersion "1"]
[SourceVersionDate "2015.07.13"]
[SourceQuality "1"]

1. e4 e5 2. Nf3 Nc6 3. Bb5 a6 4. Ba4 Nf6 5. 0-0 Be7 6. Re1 b5 7. Bb3 0-0 8. c3 d5 9. exd5 Nxd5 10. Nxe5 Nxe5 11. Rxe5 c6 12. d4 Bd6 13. Re1 Qh4 14. g3 Qh3 15. Qe2 Bd7 16. Qf1 Qf5 17. a4 Rae8 18. Be3 h5 19. Nd2 h4 20. axb5 axb5 21. Qg2 hxg3 22. hxg3 Nxe3 23. fxe3 Qg5 24. Nf1 Bb8 25. Re2 Bg4 26. Rd2 Bf5 27. Bc2 Bxc2 28. Rxc2 Re6 29. Rf2 Rg6 30. Qf3 Rf6 31. Qe2 Rg6 32. Ra8 Qe7 33. Qf3 Rf6 34. Qg2 Rg6 35. Rf5 Re8 36. Qf3 Qb7 37. Ra2 b4 38. c4 Ree6 39. b3 Rh6 40. Rf2 Ref6 41. Rxf6 Rxf6 42. Qe4 Re6 43. Qh4 Qd7 44. Qg4 Qd8 45. Rh2 Bc7 46. Qf5 Rg6 47. Kg2 1-0

[Event "SB-2013-0-00303"]
[Site "LSS email"]
[Date "2013.04.24"]
[Round "?"]
[White "Hall, Dick"]
[Black "Foote, Ian"]
[Result "1-0"]
[WhiteElo "1713"]
[BlackElo "1898"]
[PlyCount "41"]
[EventDate "2013.04.03"]
[EventType "tourn (corr)"]
[EventRounds "6"]
[EventCountry "GER"]
[SourceTitle "Telechess CBM 167"]
[Source "ChessBase"]
[SourceDate "2015.07.13"]
[SourceVersion "1"]
[SourceVersionDate "2015.07.13"]
[SourceQuality "1"]

1. d4 e6 2. c4 Nf6 3. Nc3 Bb4 4. e3 0-0 5. Bd3 c5 6. Nf3 Bxc3+ 7. bxc3 d6 8. 0-0 Nc6 9. e4 e5 10. d5 Ne7 11. Nh4 Ng6 12. Nf5 Re8 13. Qf3 h6 14. Re1 Bxf5 15. Qxf5 Nh4 16. Qh3 Ng6 17. Rb1 Rb8 18. Qf3 Nh4 19. Qe2 Ng6 20. Bc2 Qd7 21. f3 1-0

[Event "SA-2012-0-00249"]
[Site "LSS email"]
[Date "2012.02.19"]
[Round "?"]
[White "Sherwood, Russell"]
[Black "Foote, Ian"]
[Result "1-0"]
[WhiteElo "2110"]
[BlackElo "1915"]
[PlyCount "53"]
[EventDate "2012.02.02"]
[EventType "tourn (corr)"]
[EventRounds "6"]
[EventCountry "GER"]
[SourceTitle "Telechess CBM 153"]
[Source "ChessBase"]
[SourceDate "2013.03.14"]
[SourceVersion "1"]
[SourceVersionDate "2013.03.14"]
[SourceQuality "1"]

1. e4 e6 2. d4 d5 3. Nc3 Bb4 4. e5 c5 5. a3 Bxc3+ 6. bxc3 Ne7 7. Qg4 Qc7 8. Qxg7 Rg8 9. Qxh7 cxd4 10. Ne2 Nbc6 11. f4 dxc3 12. Qd3 Nf5 13. Qxc3 Bd7 14. Rb1 0-0-0 15. Rg1 d4 16. Qd3 Na5 17. Rb4 a6 18. g4 Ne3 19. Nxd4 Nxg4 20. Rg3 Nxh2 21. Be2 Bc6 22. Qc3 Bd5 23. Qxc7+ Kxc7 24. Kf2 Rxg3 25. Kxg3 Rh8 26. c4 Be4 27. Rb2 1-0